000
00295nam a2200133Ia 4500
100
_a
Beiser/Arthur
942
_c
BK
654
_a
physics
245
_a
Theory & problems of applied physics
260
_b
Mc Graw Hill Int
_a
Singapore
_c
1986
300
_a
273
546
_a
ENGLISH
999
_c
19353
_d
19353